| 000 | 00548nam a22001937a 4500 | ||
|---|---|---|---|
| 005 | 20260417144359.0 | ||
| 010 | _aENG-148314 | ||
| 020 |
_a9789354438394 _c495.00 |
||
| 035 | _aEN-131846 | ||
| 037 | _bDBAD | ||
| 082 |
_a657.72 _21 |
||
| 100 | _aPrashant Kumar | ||
| 245 |
_aInventory Management/ _cPrashant Kumar |
||
| 250 | _a1 | ||
| 260 |
_aDelhi _bPHI Learning _c2025 |
||
| 270 |
_aRimjhim House, 111, Patparganj Industrial Estate, _bDelhi _e110092 |
||
| 300 |
_a155p.: _c24cm(pb) _bIndex |
||
| 942 |
_2ddc _cEN _h657.72 _mPRA |
||
| 999 |
_c215936 _d215936 |
||